[Event "EWIBCC 2019"]
[Site "Monte-Carlo"]
[Date "2019.11.29"]
[Round "4.4"]
[White "Berend, Elvira"]
[Black "Kosteniuk, Alexandra"]
[Result "1-0"]
[WhiteElo "2349"]
[BlackElo "2483"]
[Annotator "RC"]
[PlyCount "139"]
[EventDate "2019.11.29"]
[EventType "swiss"]
[EventCountry "MNC"]
[SourceTitle "playchess.com"]
[Source "ChessBase"]
[SourceQuality "1"]
[TimeControl "180+2"]

1. d4 {[%emt 0:00:00]} Nf6 {[%emt 0:00:00]} 2. c4 {[%emt 0:00:01]} b6 {[%emt 0:00:00]} 3. Nc3 {[%emt 0:00:07]} Bb7 {[%emt 0:00:01]} 4. f3 {[%emt 0:00:04]} d5 {[%emt 0:00:05]} 5. cxd5 {[%emt 0:00:02]} Nxd5 {[%emt 0:00:01]} 6. e4 {[%emt 0:00:02]} Nxc3 {[%emt 0:00:02]} 7. bxc3 {[%emt 0:00:01]} e5 {[%emt 0:00:00]} 8. Bc4 {[%emt 0:00:07]} exd4 {[%emt 0:00:17]} 9. cxd4 {[%emt 0:00:01]} Bb4+ {[%emt 0:00:06]} 10. Kf1 {[%emt 0:00:15]} Bc3 {[%emt 0:00:04]} 11. Bxf7+ {[%emt 0:00:20]} Kf8 {[%emt 0:00:11]} 12. Ba3+ {[%emt 0:00:01]} c5 {[%emt 0:00:22]} 13. Rc1 {[%emt 0:00:29]} Ba6+ {[%emt 0:00:04]} 14. Ne2 {[%emt 0:00:01]} Qxd4 {[%emt 0:00:29]} 15. Qxd4 {[%emt 0:00:26]} Bxd4 {[%emt 0:00:01]} 16. Bd5 {[%emt 0:00:01]} Ke7 {[%emt 0:00:08]} 17. Bxa8 {[%emt 0:00:02]} Nd7 {[%emt 0:00:01]} 18. Bd5 {[%emt 0:00:02]} Ne5 {[%emt 0:00:00]} 19. Rd1 {[%emt 0:00:23]} Kf6 {[%emt 0:00:15]} 20. Ke1 {[%emt 0:00:31]} Nd3+ {[%emt 0:00:04]} 21. Kd2 {[%emt 0:00:00]} Nf2 {[%emt 0:00:01]} 22. Nxd4 {[%emt 0:00:03]} cxd4 {[%emt 0:00:01]} 23. Bb2 {[%emt 0:00:01]} Ke5 {[%emt 0:00:01]} 24. f4+ {[%emt 0:00:03]} Kxf4 {[%emt 0:00:01]} 25. Bxd4 {[%emt 0:00:03]} Nxh1 {[%emt 0:00:02]} 26. Rxh1 {[%emt 0:00:01]} Rd8 {[%emt 0:00:07]} 27. Bxg7 {[%emt 0:00:09]} Bc4 {[%emt 0:00:00]} 28. a3 {[%emt 0:00:03]} Bxd5 {[%emt 0:00:02]} 29. exd5 {[%emt 0:00:01]} Rxd5+ {[%emt 0:00:01]} 30. Kc3 {[%emt 0:00:03]} Rg5 {[%emt 0:00:01]} 31. g3+ {[%emt 0:00:01]} Kf3 {[%emt 0:00:01]} 32. Bd4 {[%emt 0:00:01]} Kg2 {[%emt 0:00:05]} 33. Re1 {[%emt 0:00:06]} Kxh2 {[%emt 0:00:02]} 34. Be5 {[%emt 0:00:07]} Rg4 {[%emt 0:00:03]} 35. Bf4 {[%emt 0:00:02]} Rg7 {[%emt 0:00:07]} 36. Re6 {[%emt 0:00:02]} Kg2 {[%emt 0:00:04]} 37. Kb4 {[%emt 0:00:02]} Rd7 {[%emt 0:00:04]} 38. Re5 {[%emt 0:00:06]} Kf3 {[%emt 0:00:04]} 39. Rh5 {[%emt 0:00:01]} Ke4 {[%emt 0:00:11]} 40. a4 {[%emt 0:00:01]} a6 {[%emt 0:00:07]} 41. Rh6 {[%emt 0:00:01]} Rd4+ {[%emt 0:00:02]} 42. Kb3 {[%emt 0:00:00]} Rd3+ {[%emt 0:00:01]} 43. Kc2 {[%emt 0:00:01]} Ra3 {[%emt 0:00:02]} 44. Rxb6 {[%emt 0:00:02]} Rxa4 45. Rh6 {[%emt 0:00:02]} a5 {[%emt 0:00:17]} 46. Rxh7 {[%emt 0:00:34]} Rb4 {[%emt 0:00:01]} 47. Ra7 {[%emt 0:00:00]} Rb5 {[%emt 0:00:01]} 48. Kc3 {[%emt 0:00:00]} Kd5 {[%emt 0:00:05]} 49. Rd7+ {[%emt 0:00:00]} Kc6 {[%emt 0:00:04]} 50. Rd6+ {[%emt 0:00:00]} Kc5 {[%emt 0:00:01]} 51. Rh6 {[%emt 0:00:00]} Rb1 {[%emt 0:00:04]} 52. Rh5+ {[%emt 0:00:12]} Kb6 53. Be3+ Ka6 54. Rh6+ {[%emt 0:00:00]} Kb7 {[%emt 0:00:02]} 55. Rh7+ {[%emt 0:00:00]} Kc6 {[%emt 0:00:07]} 56. Rh5 {[%emt 0:00:00]} a4 {[%emt 0:00:04]} 57. Ra5 {[%emt 0:00:00]} Rb3+ {[%emt 0:00:01]} 58. Kd2 {[%emt 0:00:00]} a3 {[%emt 0:00:02]} 59. g4 {[%emt 0:00:00]} Rb2+ {[%emt 0:00:07]} 60. Kd3 {[%emt 0:00:00]} Rg2 {[%emt 0:00:07]} 61. g5 {[%emt 0:00:00]} a2 {[%emt 0:00:00]} 62. Ke4 {[%emt 0:00:00]} Kd6 {[%emt 0:00:07]} 63. Kf5 {[%emt 0:00:00]} Re2 {[%emt 0:00:02]} 64. Bf4+ {[%emt 0:00:00]} Ke7 {[%emt 0:00:01]} 65. Ra7+ {[%emt 0:00:00]} Kf8 {[%emt 0:00:02]} 66. g6 {[%emt 0:00:00]} Rf2 {[%emt 0:00:04]} 67. Kg5 {[%emt 0:00:00]} Re2 {[%emt 0:00:31]} 68. Kf6 {[%emt 0:00:00]} Ke8 {[%emt 0:00:05]} 69. g7 {[%emt 0:00:34]} Rg2 {[%emt 0:00:02]} 70. Bg5 {[%emt 0:00:02]} 1-0

[Event "EWIBCC 2019"]
[Site "Monte-Carlo"]
[Date "2019.11.29"]
[Round "4.5"]
[White "Michna, Marta"]
[Black "Benmesbah, Natacha"]
[Result "1/2-1/2"]
[WhiteElo "2366"]
[BlackElo "2265"]
[Annotator "ChessBase"]
[PlyCount "124"]
[EventDate "2019.11.29"]
[EventType "swiss"]
[EventCountry "MNC"]
[SourceTitle "playchess.com"]
[Source "ChessBase"]
[SourceQuality "1"]
[TimeControl "180+2"]

1. Nf3 {[%emt 0:00:00]} c5 {[%emt 0:00:01]} 2. g3 {[%emt 0:00:00]} b6 {[%emt 0:00:01]} 3. Bg2 {[%emt 0:00:01]} Bb7 {[%emt 0:00:01]} 4. O-O {[%emt 0:00:02]} Nf6 {[%emt 0:00:00]} 5. d3 {[%emt 0:00:01]} e6 {[%emt 0:00:01]} 6. e4 {[%emt 0:00:02]} d6 {[%emt 0:00:01]} 7. c3 {[%emt 0:00:04]} Be7 {[%emt 0:00:04]} 8. Re1 {[%emt 0:00:01]} Nbd7 {[%emt 0:00:02]} 9. Qc2 {[%emt 0:00:05]} O-O {[%emt 0:00:02]} 10. a4 {[%emt 0:00:01]} a6 {[%emt 0:00:11]} 11. Na3 {[%emt 0:00:08]} Qc7 {[%emt 0:00:01]} 12. h3 {[%emt 0:00:03]} Rfe8 {[%emt 0:00:04]} 13. Bf4 {[%emt 0:00:18]} e5 {[%emt 0:00:20]} 14. Bd2 {[%emt 0:00:02]} d5 {[%emt 0:00:03]} 15. Rad1 {[%emt 0:00:16]} Bf8 {[%emt 0:00:15]} 16. Bc1 {[%emt 0:00:13]} Rac8 {[%emt 0:00:03]} 17. Nd2 {[%emt 0:00:36]} d4 {[%emt 0:00:16]} 18. Ndc4 {[%emt 0:00:13]} Qc6 {[%emt 0:00:04]} 19. Qb3 {[%emt 0:00:13]} Rb8 {[%emt 0:00:02]} 20. f4 {[%emt 0:00:12]} Nh5 {[%emt 0:00:24]} 21. f5 {[%emt 0:00:33]} Nxg3 {[%emt 0:00:11]} 22. Qc2 {[%emt 0:00:01]} Qf6 {[%emt 0:00:46]} 23. Kh2 {[%emt 0:00:11]} Nh5 {[%emt 0:00:01]} 24. Qf2 {[%emt 0:00:05]} Bc6 {[%emt 0:00:18]} 25. Bf3 {[%emt 0:00:10]} Nf4 {[%emt 0:00:04]} 26. Bxf4 {[%emt 0:00:06]} exf4 {[%emt 0:00:01]} 27. e5 {[%emt 0:00:01]} Nxe5 {[%emt 0:00:04]} 28. Nxe5 {[%emt 0:00:01]} Rxe5 {[%emt 0:00:02]} 29. Rxe5 {[%emt 0:00:02]} Bxf3 {[%emt 0:00:11]} 30. Rde1 {[%emt 0:00:01]} Bc6 {[%emt 0:00:03]} 31. Nc4 {[%emt 0:00:07]} b5 {[%emt 0:00:01]} 32. Na5 {[%emt 0:00:01]} Ba8 {[%emt 0:00:14]} 33. Qxf4 {[%emt 0:00:01]} h6 {[%emt 0:00:05]} 34. axb5 {[%emt 0:00:05]} Rxb5 {[%emt 0:00:03]} 35. Nc4 Bc6 {[%emt 0:00:03]} 36. Rg1 {[%emt 0:00:04]} a5 {[%emt 0:00:02]} 37. Re2 {[%emt 0:00:04]} Bd5 {[%emt 0:00:01]} 38. Rg3 {[%emt 0:00:05]} Bxc4 39. dxc4 {[%emt 0:00:01]} Bd6 {[%emt 0:00:12]} 40. Qxd6 {[%emt 0:00:03]} Qxd6 {[%emt 0:00:00]} 41. cxb5 {[%emt 0:00:01]} d3 {[%emt 0:00:00]} 42. Rd2 {[%emt 0:00:00]} c4 {[%emt 0:00:00]} 43. Kg2 {[%emt 0:00:02]} Qd5+ {[%emt 0:00:00]} 44. Kf2 {[%emt 0:00:01]} Qxb5 {[%emt 0:00:00]} 45. Rf3 {[%emt 0:00:01]} Qc5+ {[%emt 0:00:00]} 46. Kg2 {[%emt 0:00:01]} a4 {[%emt 0:00:00]} 47. h4 {[%emt 0:00:02]} Qd5 {[%emt 0:00:00]} 48. f6 {[%emt 0:00:01]} g6 {[%emt 0:00:00]} 49. Kf2 {[%emt 0:00:01]} Qh5 {[%emt 0:00:00]} 50. Rf4 {[%emt 0:00:00]} Qe5 {[%emt 0:00:01]} 51. Rxc4 {[%emt 0:00:01]} Qh2+ {[%emt 0:00:02]} 52. Ke3 {[%emt 0:00:01]} Qg3+ {[%emt 0:00:02]} 53. Kd4 {[%emt 0:00:01]} Qf4+ {[%emt 0:00:01]} 54. Kxd3 {[%emt 0:00:01]} Qf3+ {[%emt 0:00:00]} 55. Kc2 {[%emt 0:00:00]} Qf5+ {[%emt 0:00:01]} 56. Rd3 {[%emt 0:00:05]} Qxf6 {[%emt 0:00:27]} 57. Rcd4 {[%emt 0:00:01]} Qf2+ {[%emt 0:00:00]} 58. Rd2 {[%emt 0:00:01]} Qf5+ {[%emt 0:00:00]} 59. R2d3 {[%emt 0:00:00]} Qf2+ {[%emt 0:00:00]} 60. Rd2 {[%emt 0:00:00]} Qf5+ {[%emt 0:00:00]} 61. Kc1 {[%emt 0:00:00]} Qf1+ {[%emt 0:00:00]} 62. Kc2 {[%emt 0:00:00]} Qf5+ {[%emt 0:00:00]} 1/2-1/2

[Event "EWIBCC 2019"]
[Site "Monte-Carlo"]
[Date "2019.11.29"]
[Round "4.6"]
[White "Osmak, Iulija"]
[Black "Gunina, Valentina"]
[Result "0-1"]
[WhiteElo "2401"]
[BlackElo "2509"]
[Annotator "TA"]
[PlyCount "18"]
[EventDate "2019.11.29"]
[EventType "swiss"]
[EventCountry "MNC"]
[SourceTitle "playchess.com"]
[Source "ChessBase"]
[SourceQuality "1"]

{[%evp 9,96,13,17,29,25,-139,-137,-114,-140,-116,-82,-99,-17,-24,-22,-22,-16,-50,0,-8,0,0,0,0,35,-41,-30,-38,45,44,59,38,43,-4,-3,-90,0,0,0,0,0,0,0,0,0,0,0,0,0,0,0,-91,0,0,0,-6,0,-22,-28,-16,0,-109,-20,-20,0,-20,-18,-138,-152,-213,-213,-196,-83,-67,-64,-711,-736,-29984,-29985,-29994,-29995,-29995,-29996,-29996,-29997,-29997,-29998,-29998,-29999]} 1. d4 Nf6 2. Bg5 d5 3. Nd2 c6 4. e3 Qb6 (4... Bf5 5. Ngf3 Nbd7 6. Be2 h6 7. Bf4 e6 8. O-O Nh5 9. Be5 Nhf6 10. Bg3 Nh5 11. Be5 Nhf6 12. Bg3 Nh5 13. Be5 {½-½ (13) Petrov,N (2586)-Tomashevsky,E (2718) Khanty-Mansiysk 2019}) 5. b3 Ne4 $146 ({Predecessor:} 5... Bf5 6. Bxf6 gxf6 7. Ne2 e5 8. a3 Nd7 9. b4 Qc7 10. Ng3 Be6 11. Be2 Bd6 12. c4 dxc4 13. Nxc4 {1-0 (36) Karttunen,M (2422)-Miezis,N (2527) Finland 2006}) 6. Nxe4 {D00: 1 d4 d5: Unusual lines} dxe4 7. Bf4 $2 {[#]} ({White should play} 7. Qd2 $11) 7... e5 $1 $17 {[%mdl 512]} 8. Bxe5 {Black is clearly better.} (8. dxe5 Bb4+) 8... Bb4+ 9. Ke2 O-O {Played: Bb4-c3} 0-1

[Event "EWIBCC 2019"]
[Site "Monte-Carlo"]
[Date "2019.11.29"]
[Round "4.7"]
[White "Girya, Olga"]
[Black "Zhukova, Natalia"]
[Result "0-1"]
[WhiteElo "2476"]
[BlackElo "2323"]
[Annotator "TA"]
[PlyCount "96"]
[EventDate "2019.11.29"]
[EventType "swiss"]
[EventCountry "MNC"]
[SourceTitle "playchess.com"]
[Source "ChessBase"]
[SourceQuality "1"]

{[%evp 14,96,0,0,0,-12,0,0,0,-10,-21,-15,0,0,6,16,16,31,31,29,29,28,118,119,121,113,113,110,106,106,118,114,104,121,188,187,298,286,272,274,286,150,351,358,335,345,323,304,304,-264,-300,-325,-328,-320,-310,-400,-388,-417,-392,-473,-472,-473,-382,-519,-379,-561,-411,-544,-419,-419,-419,-783,-742,-29980,-29981,-29998,-5926,-2656,-1952,-29994,-29984,-29995,-29985,-29999,-29974]} 1. d4 Nf6 2. Nf3 d5 3. c4 e6 4. Nc3 dxc4 5. e3 a6 6. Bxc4 b5 7. Be2 Bb7 8. O-O Nbd7 {D26: Queen's Gambit Accepted: 4 e3 e6 5 Bxc5 c5 sidelines} 9. b3 c5 10. Bb2 Be7 {The position is equal.} 11. Rc1 O-O 12. a4 (12. dxc5 Nxc5 13. Nd4 Rc8 14. Bf3 Bxf3 15. gxf3 {1-0 (22) Shankland,S (2705)-Ding,L (2811) chess.com INT 2019}) 12... b4 13. Nb1 Ne4 14. Nfd2 $146 ({Predecessor:} 14. Nbd2 Bf6 15. Nxe4 Bxe4 16. Nd2 {1-0 (101) Andonov,B (2391)-Nikolov,M (2450) Sunny Beach 2006}) 14... Ndf6 15. Nxe4 Nxe4 16. f3 Nf6 17. dxc5 Rc8 (17... Qc7 $1 $11) 18. c6 $36 {[%mdl 2048] Black is under strong pressure.} Rxc6 19. Rxc6 Bxc6 {[#]} 20. Qxd8 $1 Rxd8 21. Bxa6 Bc5 22. Kf2 Nd5 23. Bc1 Nf4 {[#]} (23... Rd6 $16) 24. Bd2 $1 $18 Bd5 (24... Ra8 {was necessary.}) 25. Rc1 Ba7 26. g3 ({But not} 26. Bxb4 $6 Bxb3 27. Bc5 Bc4 $16) 26... Ng6 27. Bc4 (27. Bxb4 $18 {Black must now prevent Nd2.} Bxb3 28. a5) 27... Ba8 $2 (27... Ne5 $16 {was called for.}) 28. Bxb4 Ne5 29. Be2 Bxf3 30. Be7 Re8 31. Bxf3 $4 {[%mdl 8192]} (31. b4 $18 {avoids the disaster.}) 31... Nd3+ $19 {[%mdl 64] Double Attack} 32. Kg2 Nxc1 33. Ba3 Nxb3 34. Nc3 Bxe3 35. Nb5 Bb6 36. Nd6 Rd8 37. Nc4 Ba7 38. Nd6 g5 39. Nb5 (39. Bb4 $142) 39... Bb6 40. g4 f5 41. gxf5 exf5 {Hoping for ...Rd2+.} 42. Be7 (42. Nd6 $142 Nd4 43. Bb7) 42... Rd2+ 43. Kh1 g4 44. Bb7 Nd4 (44... Rd1+ $142 45. Kg2 Rg1#) 45. Bd5+ Kg7 {( -> ...Rd1+)} 46. Bg5 Rd1+ {Black mates.} 47. Kg2 Nxb5 48. axb5 Rxd5 {Accuracy: White = 44%, Black = 36%.} 0-1

[Event "EWIBCC 2019"]
[Site "Monte-Carlo"]
[Date "2019.11.29"]
[Round "4.8"]
[White "Muzychuk, Anna"]
[Black "Skuhala, Barbara"]
[Result "1-0"]
[WhiteElo "2543"]
[BlackElo "2109"]
[Annotator "TA"]
[PlyCount "173"]
[EventDate "2019.11.29"]
[EventType "swiss"]
[EventCountry "MNC"]
[SourceTitle "playchess.com"]
[Source "ChessBase"]
[SourceQuality "1"]

{[%evp 9,173,18,18,20,27,11,23,11,22,19,28,4,14,4,29,13,1,2,7,5,25,29,22,12,43,0,9,22,47,-41,54,14,46,11,28,31,23,34,83,79,66,27,27,25,22,6,18,11,23,0,0,-39,-35,-225,-99,-719,-690,-954,-710,-1159,-1061,-1308,-803,-806,-268,-232,-178,-163,-172,-153,-24,-25,-15,-203,-188,-187,-117,-222,-222,-238,-229,-226,-181,-418,-412,-397,-184,-1544,-300,-1196,-1153,-1012,-886,-952,-430,-408,-365,-29982,-12835,-29983,-12833,-661,0,-12836,-12834,-29995,-770,-29994,0,-334,0,0,0,0,0,0,0,0,0,-72,-93,-103,0,-12835,0,0,12841,12841,12846,12847,12847,12845,12845,12845,12845,12846,12846,12845,12849,12846,12846,12847,12847,12846,29984,29985,29985,29986,29986,12847,12847,12844,12849,12846,12846,12847,29993,12846,12847,12847,29998,12849,12849,12850,29990,12850]} 1. e4 c5 2. Nf3 d6 3. Bb5+ Nd7 4. O-O a6 5. Bd3 e6 $146 (5... Ngf6 6. Re1 g6 7. c3 Bg7 8. Bc2 O-O 9. d4 e5 10. a4 Rb8 11. dxe5 Nxe5 12. Nxe5 dxe5 13. Qxd8 Rxd8 {½-½ (65) Amin,B (2707)-Artemiev,V (2761) Danzhou 2019}) 6. c3 {B51: Sicilian: Moscow Variation (3 Bb5+) without 3...Bd7} Ngf6 7. Bc2 Be7 8. d4 {White has an edge.} cxd4 9. cxd4 b5 10. Nc3 Bb7 11. a3 Rc8 12. Re1 Nb6 13. Bd3 O-O 14. h3 Nc4 15. Qe2 Re8 16. a4 b4 17. Nb1 d5 18. e5 Nd7 19. g3 (19. Nbd2 $14) 19... Nf8 (19... f6 $15) 20. h4 a5 21. b3 Nb6 22. Nbd2 Nbd7 23. Nf1 f6 24. exf6 Nxf6 25. Ne5 Bd6 26. Bg5 Rc3 27. Rab1 h6 28. Bd2 Rc8 29. Bb5 Re7 30. Nh2 Ne4 $36 {[%mdl 2048] aiming for ...Bxe5. Black has the initiative.} 31. Nhg4 $2 (31. Nhf3 $1 $15) 31... Rc2 (31... h5 $1 $19 {has better winning chances.} 32. Nh2 Bxe5 33. dxe5 Rf7) 32. Qd3 $2 {[%mdl 8192]} (32. Rbd1 $17) 32... Rxd2 $19 33. Qf3 Bxe5 34. dxe5 Ba8 35. Qf4 Rc2 36. Rbd1 d4 $2 (36... Qc7 37. Rc1 Nd2 38. Rxc2 Qxc2) 37. Rxe4 Bxe4 38. Qxe4 Rc3 $1 39. Rxd4 Qc7 (39... Qb6 $17 40. Rd3 Qb7) 40. Bc4 $11 Rd7 41. Kh2 $2 (41. Rxd7 $1 $11 Qxd7 42. Ne3) 41... Rxd4 $19 42. Qxd4 Rc1 (42... Rxc4 $1 $19 43. bxc4 Qd7) 43. Qd2 (43. Ne3 $17) 43... Rxc4 44. bxc4 Qxc4 45. Ne3 Qe4 46. Qd6 $2 (46. Qe2) 46... b3 {Hoping for ...b2.} 47. Qb6 Qd3 (47... Qxa4 $142 48. Kh3 Qa2) 48. Qxa5 $2 (48. h5) 48... Qe2 $2 (48... b2 49. Qb5 Qxb5 50. axb5 b1=Q) 49. Qb6 $2 (49. Kg2 b2 50. Qb4) 49... Qxf2+ 50. Kh3 b2 51. a5 {[#]} Qxe3 (51... Nd7 $142 $1 {[%mdl 512]} 52. Qb5 Qxe3 53. Qxb2 Qe1) 52. Qxe3 {Qb6 would kill now.} b1=Q {White must now prevent ...Qh1+.} 53. a6 $2 (53. Qd2 $19) 53... Qh1+ 54. Kg4 {[#]} Qd1+ (54... h5+ $142 $1 55. Kf4 (55. Kxh5 Qb1) 55... Ng6+ 56. Kg5 Qb1 57. Qf4 Nxf4 58. Kxf4 Qf1+ 59. Ke4 Qxa6 60. Ke3 Qa3+ 61. Kd4 Qxg3 62. Kc4 Qxh4+ 63. Kc5 Qe7+ 64. Kd4 h4 65. Ke4 h3 66. Kd3 h2 67. Ke2 Qa3 68. Kf2 h1=Q 69. Ke2 Qh2+ {[%mdl 64] Double Attack} 70. Kf1 Qc1#) 55. Kh3 Qh1+ (55... Qf1+ $142 56. Kh2 Qxa6) 56. Kg4 {[#]} h5+ $1 {[%mdl 64] Decoy} 57. Kxh5 Qd1+ (57... Qb1 $142 58. Qg5 Qe4 59. a7 Qf3+ 60. Qg4 Qf7+ {[%mdl 64] Double Attack} 61. Kg5 Nh7#) 58. g4 g6+ $2 (58... Qf1 {mates} 59. Qe4 Qc1 60. g5 Qd1+ 61. Qg4 g6+ 62. Kh6 Qxg4 63. a7 Qxh4#) 59. Kg5 $2 {[%mdl 8192]} (59. Kh6 $11 {and White has nothing to worry.} Qd8 60. Qg5) 59... Qd8+ $2 ({Better is} 59... Nh7+ $19 60. Kf4 Qf1+ {[%mdl 64] Double Attack} 61. Kg3 Qxa6) 60. Kf4 $11 Qa5 61. Qd3 Qa4+ 62. Kg3 Kh7 63. h5 Kg7 64. Kh4 (64. Kh3 $11) 64... gxh5 $17 65. Kxh5 Qa5 (65... Qf4 $17 {[%csl Gg7][%cal Rf4h6]} 66. g5 Kg8) 66. Qe3 $2 {[%mdl 8192]} (66. Qf3 $11) 66... Kf7 $2 (66... Qxa6 $19 {...Qf1 is the strong threat.} 67. Qg5+ Kf7 68. Qf4+ Ke8) 67. a7 {Strongly threatening Qf3+.} Nd7 $2 {[%mdl 8192]} (67... Qd5 $11) 68. Qf3+ $18 Ke7 69. a8=Q Qxe5+ 70. Kh4 Qh2+ 71. Qh3 Qf2+ 72. Qg3 Qf6+ 73. Kh3 Qh6+ 74. Kg2 Qd2+ 75. Qf2 Qd1 76. Qa3+ Kd8 77. Qa5+ Ke8 78. Qh5+ Kd8 79. Qhh4+ (79. Qh8+ $142 Ke7 80. Qfh4+ Kd6 81. Qg3+ e5 82. Qa3+ Kc7 83. Qa7+ Kd6 84. Qa6+ Kd5 85. Qg8+ Ke4 86. Qac4+ Qd4 87. Qe2+ Qe3 88. Qgc4#) 79... Kc7 80. Qhg3+ e5 81. g5 Qd5+ 82. Qgf3 Qg8 83. Qf5 (83. Qa7+ $142 Kd6 84. Qfa3+ Nc5 85. Q7xc5+ Ke6 86. Qd6+ Kf7 87. Qb3+ Kg7 88. Qh6#) 83... Qd5+ 84. Kh2 Qg8 85. g6 (85. Qa7+ $142 Kd8 86. Qfxd7#) 85... Qh8+ 86. Qh3 Qg7 87. Qf7 {Accuracy: White = 25%, Black = 37%.} (87. Qa7+ $142 Kd8 88. Qh4+ Qf6 {[#]} 89. Qxd7+ $1 {[%mdl 576] Remove Defender, Promotion} Kxd7 90. Qxf6 e4 91. g7 e3 92. g8=Q Kc7 93. Qh7+ Kc8 94. Qfh8#) 1-0

[Event "EWIBCC 2019"]
[Site "Monte-Carlo"]
[Date "2019.11.29"]
[Round "4.9"]
[White "Buksa, Nataliya"]
[Black "Solozhenkina, Elizaveta"]
[Result "1-0"]
[WhiteElo "2410"]
[BlackElo "2314"]
[Annotator "NA"]
[PlyCount "107"]
[EventDate "2019.11.29"]
[EventType "swiss"]
[EventCountry "MNC"]
[SourceTitle "playchess.com"]
[Source "ChessBase"]
[SourceQuality "1"]
[TimeControl "180+2"]

1. e4 {[%emt 0:00:00]} c6 {[%emt 0:00:00]} 2. d4 {[%emt 0:00:00]} d5 {[%emt 0:03:04]} 3. Nc3 {[%emt 0:00:00]} dxe4 {[%emt 0:00:00]} 4. Nxe4 {[%emt 0:00:01]} Bf5 {[%emt 0:00:00]} 5. Ng3 {[%emt 0:00:00]} Bg6 {[%emt 0:00:00]} 6. h4 {[%emt 0:00:01]} h6 {[%emt 0:00:00]} 7. Nf3 {[%emt 0:00:01]} Nd7 {[%emt 0:00:00]} 8. h5 {[%emt 0:00:01]} Bh7 {[%emt 0:00:00]} 9. Bd3 {[%emt 0:00:01]} Bxd3 10. Qxd3 {[%emt 0:00:01]} e6 {[%emt 0:00:00]} 11. Bd2 {[%emt 0:00:01]} Ngf6 {[%emt 0:00:00]} 12. O-O-O {[%emt 0:00:01]} c5 {[%emt 0:00:00]} 13. Rhe1 {[%emt 0:00:14]} Be7 {[%emt 0:00:00]} 14. dxc5 {[%emt 0:00:35]} Nxc5 {[%emt 0:00:00]} 15. Qxd8+ {[%emt 0:00:01]} Rxd8 {[%emt 0:00:00]} 16. Be3 {[%emt 0:00:01]} Nd5 {[%emt 0:00:00]} 17. Bd4 {[%emt 0:00:01]} O-O {[%emt 0:00:00]} 18. Kb1 {[%emt 0:00:08]} a5 {[%emt 0:00:00]} 19. Ne2 {[%emt 0:00:30]} Rc8 {[%emt 0:00:00]} 20. a3 {[%emt 0:00:06]} Rfd8 {[%emt 0:00:00]} 21. Nc1 {[%emt 0:00:07]} Bf6 {[%emt 0:00:00]} 22. g3 {[%emt 0:00:11]} b5 {[%emt 0:00:00]} 23. Nd3 {[%emt 0:00:11]} Nxd3 {[%emt 0:00:06]} 24. Rxd3 {[%emt 0:00:00]} Bxd4 {[%emt 0:00:04]} 25. Rxd4 {[%emt 0:00:01]} b4 {[%emt 0:00:02]} 26. Red1 {[%emt 0:00:11]} Rc7 {[%emt 0:00:04]} 27. axb4 {[%emt 0:00:09]} axb4 {[%emt 0:00:02]} 28. Rxb4 {[%emt 0:00:01]} Nc3+ {[%emt 0:00:03]} 29. bxc3 {[%emt 0:00:01]} Rxd1+ {[%emt 0:00:01]} 30. Kb2 {[%emt 0:00:01]} Rf1 {[%emt 0:00:04]} 31. Ne5 {[%emt 0:00:19]} Rxf2 {[%emt 0:00:04]} 32. Nd3 {[%emt 0:00:03]} Rf3 {[%emt 0:00:11]} 33. g4 {[%emt 0:00:01]} f6 {[%emt 0:00:04]} 34. c4 {[%emt 0:00:02]} e5 {[%emt 0:00:02]} 35. c5 {[%emt 0:00:07]} Kf7 {[%emt 0:00:01]} 36. Rc4 {[%emt 0:00:06]} Ke6 {[%emt 0:00:05]} 37. Ra4 {[%emt 0:00:11]} Re3 {[%emt 0:00:07]} 38. Ra6+ {[%emt 0:00:02]} Kf7 {[%emt 0:00:03]} 39. c6 {[%emt 0:00:04]} Re4 {[%emt 0:00:04]} 40. Kc3 {[%emt 0:00:01]} Rxg4 {[%emt 0:00:02]} 41. Nb4 {[%emt 0:00:01]} Rg3+ {[%emt 0:00:03]} 42. Kc4 {[%emt 0:00:04]} Rg2 {[%emt 0:00:01]} 43. c3 {[%emt 0:00:02]} Rd2 {[%emt 0:00:03]} 44. Nd5 {[%emt 0:00:01]} Rc8 {[%emt 0:00:00]} 45. Kc5 {[%emt 0:00:05]} e4 {[%emt 0:00:02]} 46. Ra7+ {[%emt 0:00:01]} Ke6 {[%emt 0:00:02]} 47. Re7+ {[%emt 0:00:02]} Kf5 {[%emt 0:00:00]} 48. Rxg7 {[%emt 0:00:01]} Ra2 {[%emt 0:00:04]} 49. Ne7+ {[%emt 0:00:01]} Kf4 {[%emt 0:00:04]} 50. Nxc8 {[%emt 0:00:01]} e3 {[%emt 0:00:02]} 51. Nd6 {[%emt 0:00:04]} e2 {[%emt 0:00:03]} 52. Re7 {[%emt 0:00:01]} Rc2 {[%emt 0:00:03]} 53. c4 {[%emt 0:00:01]} Rc3 {[%emt 0:00:01]} 54. Rxe2 {[%emt 0:00:50]} 1-0